000 00312nam a2200121Ia 4500
008 190216s9999||||xx |||||||||||||| ||und||
100 _aGulati S R
245 0 _aHistory Of England Since 1760
260 _bMalhotra Book Depo
_c1979
300 _a823p
650 _aWorld History-History Of England
942 _cBK
999 _c19356
_d19356